000 00507nam a22001577a 4500
003 NUST
082 _a621
100 _aZafar ,Noman
_921064
245 _aPiezoelectric Material Synthesis and Development /
_cNoman Zafar
264 _aIslamabad:
_bSMME- NUST.
_c2017.
300 _a56p. ;
_bSoft Copy,
_c30cm.
650 _aMS Mechanical Engineering
_9119495
700 _aSupervisor : Dr. Mushtaq Khan
_9119879
856 _uhttp://10.250.8.41:8080/xmlui/handle/123456789/23932
942 _2ddc
_cTHE
999 _c608810
_d608810